000 01045nam a22002537a 4500
999 _c50373
_d50373
005 20251125233015.0
008 s2550 th tha d
020 _a9748820305
040 _aNALT
041 _atha
050 _aJQ 1745.A55.C6
_bอ423ส 2550
100 0 _aอลงกรณ์ พลบุตร
245 1 0 _aสมุดปกดำ :
_bเมนูคอร์รัปชัน ระบอบทักษิณ /
_cอลงกรณ์ พลบุตร...(และคณะ).
250 _aพิมพ์ครั้งที่ 4.
260 _aกรุงเทพฯ :
_bธรรมรัฐไทย,
_c2550.
300 _a313 หน้า :
_bตาราง ;
_c21 ซม.
650 0 4 _aการฉ้อราษฎร์บังหลวง
650 0 4 _aการทุจริตและประพฤติมิชอบ
650 0 4 _aคอรัปชั่น
850 _aNALT
856 4 0 _uhttps://hdl.handle.net/20.500.14156/411289
_71
942 _cGB
_2lcc